The mosque: history, architectural development and regional diversity
Bewaard in:
| Hoofdauteurs: | , |
|---|---|
| Formaat: | Boek |
| Taal: | Engels |
| Gepubliceerd in: |
Londres
Thames and Hudson
2002
|
| Editie: | 1a. ed |
| Onderwerpen: | |
| Tags: |
Voeg label toe
Geen labels, Wees de eerste die dit record labelt!
|
MARC
| LEADER | 00000cam a2200000 a 4500 | ||
|---|---|---|---|
| 001 | UCF2661 | ||
| 003 | CL-VaPUC | ||
| 008 | 120830e20020000UK |||||||||||||||||eng|d | ||
| 020 | |a 9780500283455 | ||
| 082 | 0 | 4 | |a 720 |b FRI |2 21 |
| 100 | 0 | |a Frishman, Martin |e author |9 564385 | |
| 700 | 0 | |a Khan, Hassan-Uddin |e author |9 564386 | |
| 245 | 1 | 4 | |a The mosque: history, architectural development and regional diversity |
| 250 | |a 1a. ed | ||
| 300 | |a 288 p | ||
| 942 | |c BK | ||
| 945 | |d 20120830 00:00:00 |a dcastane | ||
| 260 | |a Londres |b Thames and Hudson |c 2002 | ||
| 650 | 0 | |a Arquitectura |9 804558 | |
| 650 | 0 | |a Arquitectura islámica |9 266680 | |
| 583 | |a last modification |c 20120830 10:25:00 |k Rodrigo Vera | ||
| 999 | |c 349201 |d 349199 | ||
| 952 | |0 0 |1 0 |4 0 |6 720_000000000000000_FRI_2002 |7 0 |8 A |9 451704 |a BIBING |b BIBING |d 2019-11-22 |i 4895002 |o 720 FRI 2002 |p 4895002 |r 2025-01-20 |w 2019-11-22 |y BK |k CUI | ||